000 01066cam a22003377 4500
001 a473243
003 DO-SdBNP
005 20230928095340.0
008 100420s2010 sp a||| 000 1 spa
015 _a
017 _a
_b
020 _a9788466792479
035 _a
040 _aBPMSU
_bspa
_cBPMSU
_e
080 _a
082 4 _a867.3
_bQ5b 2010
_222
100 1 _aQuevedo y Villegas, Francisco Gómez de,
_c1580-1645.
245 1 3 _aEl Buscón /
_h
_cFrancisco de Quevedo ; adaptación de Juan Manuel Infante Moraño ; ilustraciones de Diego Blanco
260 _aMadrid
_bAnaya
_c2010
300 _a149 p. :
_bil. col. ;
_c24 cm
490 0 _aClásicos a medida
590 _aInventariado, 2023/VM
600 1 4 _aQuevedo, Francisco de,
_d 1580-1645
_xcrítica e interpretación
_3
650 4 _a Sátira española
650 4 _aLiteratura picaresca española
650 4 _aPícaros
_vNovela
700 1 _aInfante Moraño, Juan Manuel
_d
700 1 _aDiego Blanco
_eils.
910 _aVMateo V. Control de calidad. BPMSU
942 _2ddc
_cBK
999 _c10530
_d10530